000
00275nam a22001217a 4500
008
190315b xxu||||| |||| 00| 0 eng d
041
_a
eng
080
_a
043.3
100
_a
0
101
_a
ARK-BA
245
_a
"Banimi nëntokësor individual"
_c
Shkurti,E
942
_2
udc
_c
BK
999
_c
54857
_d
54857